000 00461nam a22001937a 4500
003 MPLRDC
005 20220104114030.0
008 210129b ||||| |||| 00| 0 eng d
020 _a957-674-003-7
082 _a848.2 ZL-3
100 _a钟玲著
245 _a生死冤家
_c
250 _a三版
260 _a
_b洪范书店有限公司
_c1992
300 _b
490 _a洪范文学丛书;231
650 _a现代别集
942 _cBK
_o848.2 ZL-3
999 _c4280
_d4270